02159nam a2200349 a 4500001001200000003000800012006001900020007001500039008004100054010001700095020002900112020002700141040002100168035002100189050002400210082001600234245013700250260004700387300002700434504005100461505013600512520071300648533015201361650002601513650002701539650002401566655002901590700002901619700001801648710001701666856012601683ebr10662613CaPaEBRm u cr cn|||||||||121214s2013 njua sb 001 0 eng d z 2012045118 z9781118290323 (hardback) z9781118644584 (e-book) aCaPaEBRcCaPaEBR a(OCoLC)82886887114aR857.M3bN36 2013eb04a615.1/922300aNanomaterials in drug delivery, imaging, and tissue engineeringh[electronic resource] /cedited by Ashutosh Tiwari and Atul Tiwari. aHoboken, N.J. :bJohn Wiley & Sons,c2013. axxviii, 542 p. :bill. aIncludes bibliographical references and index.0 apt. I. Biomedical nanomaterials -- pt. II. Advanced nanomedicine -- pt. III. Nanotheragnostics -- pt. IV. Nanoscaffolds technology. a"Nanoscopic therapeutic systems incorporate therapeutic agents, molecular targeting and diagnostic imaging capabilities and are emerging as the next generation of multifarious nanomedicine to improve the therapeutic outcome including chemo and translational therapy. This reference work is one of the first to cover Nanotheragnostics which is the new edge of nanomedicine combining both diagnostic and therapeutic elements at nano level.This large multidisciplinary reference work is has four main parts: Biocompatible Nanomaterials; Nanomedicine: Drug Gene and Cell Delivery; Multi-functional Nanocarrier: Diagnosis, Imaging and Treatment; Tissue Engineering/Regenerative Medicine"--cProvided by publisher. aElectronic reproduction.bPalo Alto, Calif. :cebrary,d2013.nAvailable via World Wide Web.nAccess may be limited to ebrary affiliated libraries. 0aBiomedical materials. 0aDrug delivery systems. 0aTissue engineering. 7aElectronic books.2local1 aTiwari, Ashutosh,d1945-1 aTiwari, Atul.2 aebrary, Inc.40uhttp://site.ebrary.com/lib/rucke/Doc?id=10662613zAn electronic book accessible through the World Wide Web; click to view